000 00460nam a2200181Ia 4500
001 3957
005 20260306145721.0
008 260306t2017||||xx |||||||||||||| ||spa||
041 _aESP
082 _a305.885
_bU35
100 _aUlfe, María Eugenia
_eAUT
245 0 _aEn busca de reconocimiento:
_breflexiones desde el Perú diverso
260 _c2017
300 _a300 páginas :
_c20 cm.
650 _aGEN
654 _aCHU
942 _cLIB
_dJUS
_fJUS
_2ddc
_n
999 _c3957
_d3957